000 00553nam a2200193Ii 4500
003 JO-AjNU
008 230605s9999||||xx |||||||||||||| ||und||
040 _aJO-AjNU
_bara
_erda
_cJO-AjNU
041 _aara
050 1 4 _aQE516 1982
100 3 _aعتقي، مصطفى ,
_eauthor
_99244
245 0 0 _aالجيو كيمياء(1)
264 3 1 _aدمشق:مطبعة النصر ، 1982
300 _a250ص
336 _atext
_btxt
_2rdacontent
337 _aunmediated
_bn
_2rdamedia
338 _avolume
_bnc
_2rdacarrier
650 4 _aالكيمياء
_99245
999 _aA1199
_c4767
_d4767